| 000 | 02197nam a2200553 i 4500 | ||
|---|---|---|---|
| 001 | 15584 | ||
| 003 | KOSZ 005 | ||
| 005 | 20200701103405.0 | ||
| 008 | 200420s1973 pl a f 100 0 pol | ||
| 015 | _aUWD 1973/8657 | ||
| 035 | _a991034673189705066 | ||
| 035 | _a(PL-WaBN)b19332828-48omnis_nlop | ||
| 035 | _ab19332828 | ||
| 035 | _a(OCoLC)823686983 | ||
| 035 | _a(PL)b0000001933282 | ||
| 035 | _a(EXLNZ-48OMNIS_NETWORK)9910271049205606 | ||
| 040 |
_aWA N _cWA N _dKOSZ 005/RW |
||
| 041 | 1 |
_apol _heng |
|
| 046 | _k1973 | ||
| 080 | _a534.01 | ||
| 080 | _a519.21 | ||
| 245 | 0 | 0 |
_aWprowadzenie do drgań stochastycznych / _cJ. D. Robson [et al.] ; [z angielskiego tłumaczył Krzysztof Podolak ; redakcja naukowa Kazimierz Sobczyk] ; Polska Akademia Nauk. Biuro Kadr Naukowych i Spraw Osobowych. |
| 260 |
_aWrocław : _bZakład Narodowy im. Ossolińskich Wydawnictwo PAN, _c1973. |
||
| 300 |
_a218 stron : _bilustracje ; _c22 cm. |
||
| 336 |
_aTekst _btxt _2rdacontent |
||
| 337 |
_aBez urządzenia pośredniczącego _bn _2rdamedia |
||
| 338 |
_aWolumin _bnc _2rdacarrier |
||
| 380 | _aKsiążki | ||
| 380 | _aPublikacje naukowe | ||
| 388 | _a1901-2000 | ||
| 388 | _a1945-1989 | ||
| 500 | _aMateriały konferencji szkoleniowej nt. "Drgania stochastyczne", Jabłonna pod Warszawą 28 V-2 VI 1973 r. | ||
| 500 | _aOryginały w rękopisie "Introductory course in random vibration. | ||
| 504 | _aBibliografia przy pracach. | ||
| 650 | 7 |
_aDrgania _2DBN |
|
| 650 | 7 |
_aKonstrukcje _2DBN |
|
| 650 | 7 | _aMechanika | |
| 650 | 7 |
_aProcesy stochastyczne _2DBN |
|
| 655 | 7 |
_aMateriały konferencyjne _2DBN |
|
| 658 | _aInżynieria i technika | ||
| 700 | 1 |
_aPodolak, Krzysztof _eTłumaczenie |
|
| 700 | 1 |
_aRobson, J. D. _eAutor |
|
| 700 | 1 |
_aSobczyk, Kazimierz _d(1939-2017) _eRedakcja |
|
| 710 | 2 |
_aZakład Narodowy im. Ossolińskich _bWydawnictwo PAN _4pbl |
|
| 711 | 2 |
_aKonferencja Szkoleniowa nt. Drgania Stochastyczne _d(1973 ; _cJabłonna). |
|
| 856 |
_uhttp://koha.tu.koszalin.pl/cgi-bin/koha/opac-detail.pl?biblionumber=15584 _yKatalog online BPK |
||
| 942 |
_2UKD _cKS |
||
| 999 |
_c15584 _d15584 |
||